Top 10 Città più popolose Città Metropolitana di Firenze - Statistics

Statistiche generali
  • Questo quiz è stato fatto 58 volte
  • Il punteggio medio è 6 su 10
Statistiche sulle risposte
Popolazione (ab.) Città % Corretto
379 102 Firenze
98%
50 514 Scandicci
92%
47 978 Empoli
81%
48 782 Sesto Fiorentino
79%
45 374 Campi Bisenzio
65%
19 942 Lastra a Signa
52%
20 613 Pontassieve
52%
25 621 Bagno a Ripoli
48%
23 639 Figline e Incisa Valdarno
31%
23 604 Fucecchio
29%
Nessun quiz corrispondente trovato
Distribuzione punteggi
Percentuale di utenti per punteggio
Percentile per numero di risposta
I tuoi punteggi nel tempo
Non hai fatto questo quiz